INTRODUCTION TO MANAGEMENT SCIENCE OPWERATIONS RESEARCH (Record no. 216431)
[ view plain ]
| 000 -LEADER | |
|---|---|
| fixed length control field | 00535nam a22001817a 4500 |
| 008 - FIXED-LENGTH DATA ELEMENTS--GENERAL INFORMATION | |
| fixed length control field | 260108b |||||||| |||| 00| 0 eng d |
| 020 ## - INTERNATIONAL STANDARD BOOK NUMBER | |
| International Standard Book Number | 978-93-5161-183-7 |
| 100 ## - MAIN ENTRY--PERSONAL NAME | |
| Personal name | SWARUP, KANTI |
| 245 ## - TITLE STATEMENT | |
| Title | INTRODUCTION TO MANAGEMENT SCIENCE OPWERATIONS RESEARCH |
| 250 ## - EDITION STATEMENT | |
| Edition statement | 20TH REVISED ED, |
| 260 ## - PUBLICATION, DISTRIBUTION, ETC. | |
| Place of publication, distribution, etc. | NEW DELHI |
| Name of publisher, distributor, etc. | SULTAN CHAND AND SONS EDUCATIONAL PUBLISHERS |
| Date of publication, distribution, etc. | 2022 |
| 300 ## - PHYSICAL DESCRIPTION | |
| Extent | XIX, 1156P. |
| 500 ## - GENERAL NOTE | |
| General note | INCLUDES INDEX |
| 650 ## - SUBJECT ADDED ENTRY | |
| Topical term or geographic name entry element | OPERATIONS RESEARCH |
| 700 ## - ADDED ENTRY--PERSONAL NAME | |
| Personal name | GUPTA, P. K. |
| 942 ## - ADDED ENTRY ELEMENTS (KOHA) | |
| Source of classification or shelving scheme | Library of Congress Classification |
| Koha item type | Long Loan Book |
| Withdrawn status | Lost status | Source of classification or shelving scheme | Damaged status | Not for loan | Collection | Home library | Current library | Shelving location | Date acquired | Inventory number | Total checkouts | Full call number | Barcode | Date last seen | Date last checked out | Copy number | Price effective from | Koha item type |
|---|---|---|---|---|---|---|---|---|---|---|---|---|---|---|---|---|---|---|
| Library of Congress Classification | Arts & Social Sciences | Kisii University Library | Kisii University Library | On Display | 01/08/2026 | 110844 | 3 | HD 30.36 .S93 2022 | 000000024009 | 04/27/2026 | 04/23/2026 | C.1 | 01/08/2026 | Long Loan Book | ||||
| Library of Congress Classification | Arts & Social Sciences | Kisii University Library | Kisii University Library | On Display | 01/08/2026 | 110845 | 3 | HD 30.36 .S93 2022 | 000000024008 | 04/28/2026 | 04/21/2026 | C.2 | 01/08/2026 | Long Loan Book | ||||
| Library of Congress Classification | Arts & Social Sciences | Kisii University Library | Kisii University Library | On Display | 01/08/2026 | 110846 | 4 | HD 30.36 .S93 2022 | 000000024007 | 04/27/2026 | 04/13/2026 | C.3 | 01/08/2026 | Long Loan Book | ||||
| Library of Congress Classification | Arts & Social Sciences | Kisii University Library | Kisii University Library | On Display | 01/08/2026 | 110847 | 3 | HD 30.36 .S93 2022 | 000000024006 | 04/25/2026 | 04/13/2026 | C.4 | 01/08/2026 | Long Loan Book |